Cirkulárna ekonomika a nové výzvy
Náš trh je pravidelne zaplavený množstvom rôznych priemyselných výrobkov, výrobkov spotrebného charakteru, bielej techniky, ale často aj výrobkov diskutabilnej kvality a na jedno použitie. Spotrebiteľ, zákazník nemá problém vybrať "svoj" výrobok zo širokej ponuky na trhu, ale má veľký, často až neri...
Salvato in:
| Autore principale: | |
|---|---|
| Natura: | Capitolo di libro |
| Lingua: | slovacco |
| Soggetti: | |
| Tags: |
Nessun Tag, puoi essere il primo ad aggiungerne!!
|
MARC
| LEADER | 00000naa a2200000 4500 | ||
|---|---|---|---|
| 001 | 0299342 | ||
| 005 | 20240417075305.4 | ||
| 041 | 0 | |a slo | |
| 044 | |a SK | ||
| 245 | 1 | 0 | |a Cirkulárna ekonomika a nové výzvy |c František Mátel |
| 520 | |a Náš trh je pravidelne zaplavený množstvom rôznych priemyselných výrobkov, výrobkov spotrebného charakteru, bielej techniky, ale často aj výrobkov diskutabilnej kvality a na jedno použitie. Spotrebiteľ, zákazník nemá problém vybrať "svoj" výrobok zo širokej ponuky na trhu, ale má veľký, často až neriešiteľný problém, čo s výrobkom, ak sa pokazí. | ||
| 610 | 2 | 0 | |a ekonomika |
| 610 | 2 | 0 | |a ekonomika ekologická |
| 610 | 2 | 0 | |a ekonomika environmentálna |
| 610 | 2 | 0 | |a ekonomika zelená |
| 610 | 2 | 0 | |a hospodárstvo obehové |
| 610 | 2 | 0 | |a trh |
| 610 | 2 | 0 | |a výrobky |
| 610 | 2 | 0 | |a spotrebitelia |
| 100 | 1 | |a Mátel, František | |